<?xml version="1.0" encoding="UTF-8"?>
<record
    xmlns:xsi="http://www.w3.org/2001/XMLSchema-instance"
    xsi:schemaLocation="http://www.loc.gov/MARC21/slim http://www.loc.gov/standards/marcxml/schema/MARC21slim.xsd"
    xmlns="http://www.loc.gov/MARC21/slim">

  <leader>00647nam a22002177a 4500</leader>
  <controlfield tag="003">OSt</controlfield>
  <controlfield tag="008">260220b2022    |||||||| |||| 00| 0 eng d</controlfield>
  <datafield tag="020" ind1=" " ind2=" ">
    <subfield code="a">9789364441223</subfield>
  </datafield>
  <datafield tag="082" ind1=" " ind2=" ">
    <subfield code="a">658.4031</subfield>
    <subfield code="b">SCH-B</subfield>
  </datafield>
  <datafield tag="100" ind1=" " ind2=" ">
    <subfield code="a">Schindler, Pamela S.</subfield>
  </datafield>
  <datafield tag="245" ind1=" " ind2=" ">
    <subfield code="a">Business research methods /</subfield>
    <subfield code="c">Pamela S. Schindler, Kapil Gumte and Pratik Maheshwari</subfield>
  </datafield>
  <datafield tag="250" ind1=" " ind2=" ">
    <subfield code="a">14th</subfield>
  </datafield>
  <datafield tag="260" ind1=" " ind2=" ">
    <subfield code="a">Chennai :</subfield>
    <subfield code="b">McGraw Hill Education,</subfield>
    <subfield code="c">2022.</subfield>
  </datafield>
  <datafield tag="300" ind1=" " ind2=" ">
    <subfield code="a">xxix, 662 p. ;</subfield>
  </datafield>
  <datafield tag="650" ind1=" " ind2=" ">
    <subfield code="a">Business - Research </subfield>
  </datafield>
  <datafield tag="650" ind1=" " ind2=" ">
    <subfield code="a">Business - Research - Methodology </subfield>
  </datafield>
  <datafield tag="650" ind1=" " ind2=" ">
    <subfield code="a">Management - Research</subfield>
  </datafield>
  <datafield tag="700" ind1=" " ind2=" ">
    <subfield code="a">Gumte, Kapil</subfield>
  </datafield>
  <datafield tag="700" ind1=" " ind2=" ">
    <subfield code="a">Maheshwari, Pratik</subfield>
  </datafield>
  <datafield tag="942" ind1=" " ind2=" ">
    <subfield code="2">ddc</subfield>
    <subfield code="c">REF</subfield>
  </datafield>
  <datafield tag="999" ind1=" " ind2=" ">
    <subfield code="c">21347</subfield>
    <subfield code="d">21347</subfield>
  </datafield>
  <datafield tag="952" ind1=" " ind2=" ">
    <subfield code="0">0</subfield>
    <subfield code="1">0</subfield>
    <subfield code="2">ddc</subfield>
    <subfield code="4">0</subfield>
    <subfield code="7">0</subfield>
    <subfield code="a">SOBD</subfield>
    <subfield code="b">SOBD</subfield>
    <subfield code="d">2026-02-17</subfield>
    <subfield code="e">All Inida Book House</subfield>
    <subfield code="f">INR</subfield>
    <subfield code="g">1150.00</subfield>
    <subfield code="o">658.4031 SCH-B1</subfield>
    <subfield code="p">007001</subfield>
    <subfield code="r">2026-02-20</subfield>
    <subfield code="t">1</subfield>
    <subfield code="w">2026-02-17</subfield>
    <subfield code="y">REF</subfield>
    <subfield code="k">NA/IN/1928</subfield>
  </datafield>
  <datafield tag="952" ind1=" " ind2=" ">
    <subfield code="0">0</subfield>
    <subfield code="1">0</subfield>
    <subfield code="2">ddc</subfield>
    <subfield code="4">0</subfield>
    <subfield code="7">0</subfield>
    <subfield code="a">SOBD</subfield>
    <subfield code="b">SOBD</subfield>
    <subfield code="d">2026-02-17</subfield>
    <subfield code="e">All Inida Book House</subfield>
    <subfield code="f">INR</subfield>
    <subfield code="g">1150.00</subfield>
    <subfield code="o">658.4031 SCH-B2</subfield>
    <subfield code="p">007002</subfield>
    <subfield code="r">2026-02-20</subfield>
    <subfield code="t">2</subfield>
    <subfield code="w">2026-02-17</subfield>
    <subfield code="y">BK</subfield>
    <subfield code="k">NA/IN/1928</subfield>
  </datafield>
  <datafield tag="952" ind1=" " ind2=" ">
    <subfield code="0">0</subfield>
    <subfield code="1">0</subfield>
    <subfield code="2">ddc</subfield>
    <subfield code="4">0</subfield>
    <subfield code="7">0</subfield>
    <subfield code="a">SOBD</subfield>
    <subfield code="b">SOBD</subfield>
    <subfield code="d">2026-02-17</subfield>
    <subfield code="e">All Inida Book House</subfield>
    <subfield code="f">INR</subfield>
    <subfield code="g">1150.00</subfield>
    <subfield code="o">658.4031 SCH-B3</subfield>
    <subfield code="p">007003</subfield>
    <subfield code="r">2026-02-20</subfield>
    <subfield code="t">3</subfield>
    <subfield code="w">2026-02-17</subfield>
    <subfield code="y">BK</subfield>
    <subfield code="k">NA/IN/1928</subfield>
  </datafield>
  <datafield tag="952" ind1=" " ind2=" ">
    <subfield code="0">0</subfield>
    <subfield code="1">0</subfield>
    <subfield code="2">ddc</subfield>
    <subfield code="4">0</subfield>
    <subfield code="7">0</subfield>
    <subfield code="a">SOBD</subfield>
    <subfield code="b">SOBD</subfield>
    <subfield code="d">2026-02-17</subfield>
    <subfield code="e">All Inida Book House</subfield>
    <subfield code="f">INR</subfield>
    <subfield code="g">1150.00</subfield>
    <subfield code="o">658.4031 SCH-B4</subfield>
    <subfield code="p">007004</subfield>
    <subfield code="r">2026-02-20</subfield>
    <subfield code="t">4</subfield>
    <subfield code="w">2026-02-17</subfield>
    <subfield code="y">BK</subfield>
    <subfield code="k">NA/IN/1928</subfield>
  </datafield>
  <datafield tag="952" ind1=" " ind2=" ">
    <subfield code="0">0</subfield>
    <subfield code="1">0</subfield>
    <subfield code="2">ddc</subfield>
    <subfield code="4">0</subfield>
    <subfield code="7">0</subfield>
    <subfield code="a">SOBD</subfield>
    <subfield code="b">SOBD</subfield>
    <subfield code="d">2026-02-17</subfield>
    <subfield code="e">All Inida Book House</subfield>
    <subfield code="f">INR</subfield>
    <subfield code="g">1150.00</subfield>
    <subfield code="o">658.4031 SCH-B5</subfield>
    <subfield code="p">007005</subfield>
    <subfield code="r">2026-02-20</subfield>
    <subfield code="t">5</subfield>
    <subfield code="w">2026-02-17</subfield>
    <subfield code="y">BK</subfield>
    <subfield code="k">NA/IN/1928</subfield>
  </datafield>
</record>
